Statistiques concernant Transformers autobots personnages

Cliquez ici pour prendre le quiz!

Statistiques générales

  • Ce quiz a été pris 315 fois
    (158 depuis la dernière actualisation)
  • Le résultat moyen est 17 sur 349

Statistiques - réponses

HintRéponse% Correct
PrimeOptimus Prime / Orion Pax
98%
AutobotsBumblebee
87%
AutobotsRatchet
67%
AutobotsIronhide
55%
AutobotsJazz
55%
AutobotsMirage
46%
PrimeSentinel Prime
43%
FembotsArcee
39%
AutobotsSideswipe
39%
DinobotsGrimlock
34%
AutobotsHound
33%
AutobotsWheeljack
31%
AutobotsDrift
30%
AutobotsJetfire
26%
MaximalsOptimus Primal
25%
FembotsElita One / Ariel
24%
AutobotsCliffjumper
23%
AutobotsUltra Magnus
22%
AutobotsHot Rod
20%
AutobotsProwl
17%
DinobotsSwoop
17%
AutobotsBulkhead
16%
DinobotsSlug
16%
FembotsChromia
15%
AutobotsSunstreaker
15%
TargetmastersCrosshairs
14%
AutobotsSkids
14%
DinobotsSludge
14%
DinobotsSnarl
14%
AutobotsMudflap
12%
Sentinel OmegaOmega Supreme
12%
PlanètePrimus
12%
WreckersRoadbuster
12%
MaximalsCheetor
11%
AutobotsGrapple
11%
AutobotsJolt
11%
WreckersLeadfoot
11%
TitanMetroplex
11%
MaximalsRhinox
11%
PrimeRodimus Prime
11%
AutobotsSmokescreen
11%
AutobotsWarpath
11%
AutobotsWheelie
11%
PrimeAlpha Trion / Alpha Prime
10%
AutobotsBlaster
10%
AutobotsGears
10%
AutobotsInferno
10%
AutobotsRed Alert
10%
AerialbotsSilverbolt
10%
AutobotsTrailbreaker
10%
MaximalsAirazor
9%
AutobotsBlurr
9%
ThrottlebotsChase
9%
WreckersSpringer
9%
AerialbotsAir Raid
8%
AutobotsBrown
8%
Rescue BotsHeatwave
8%
AutobotsHuffer
8%
MaximalsRattrap
8%
MaximalsTigatron
8%
AutobotsBluestreak
7%
AutobotsHot Shot
7%
WreckersKup
7%
PrimeNova Prime
7%
AutobotsPerceptor
7%
AutobotsPowerglide
7%
Dinobots | TechnobotsStrafe
7%
WreckersTopspin
7%
AutobotsWindcharger
7%
PrimeZeta Prime
7%
AerialbotsFireflight
6%
Wreckers/DecepticonsImpactor
6%
AutobotsPipes
6%
AutobotsSeaspray
6%
DinobotsSlash
6%
PrimeSolus Prime
6%
AutobotsStratosphere
6%
AutobotsTracks
6%
HeadmastersChromedome
5%
AutobotsHoist
5%
WreckersSandstorm
5%
FembotsStrongarm
5%
CombinerSuperion
5%
AutobotsTailgate
5%
PrimeVector Prime
5%
FembotsWindblade
5%
ProtectobotsBlades
4%
HeadmastersBrainstorm
4%
AutobotsCosmos
4%
TitanFortress Maximus
4%
ThrottlebotsGoldbug
4%
ProtectobotsHot Spot
4%
FembotsMoonracer
4%
TechnobotsScattershot
4%
AerialbotsSkydive
4%
WreckersWhirl
4%
AutobotsBeachcomber
3%
Rescue BotsBoulder
3%
AutobotsCog
3%
CombinerComputron
3%
CombinerDefensor
3%
FembotsFirestar
3%
ProtectobotsFirst Aid
3%
AutobotsFixit
3%
HeadmastersHardhead
3%
HeadmastersHighbrow
3%
AutobotsLandmine
3%
AutobotsPunch
3%
Cassette AutobotsRamhorn
3%
Cassette AutobotsRewind
3%
DuobotsShock
3%
Cassette AutobotsSteeljaw
3%
JunkionsWreck-Gar
3%
TechnobotsAfterburner
2%
AerialbotsAlpha Bravo
2%
Sentinel OmegaAlpha Supreme
2%
FembotsBeta
2%
Sentinel OmegaBeta Supreme
2%
AutobotsBreakaway
2%
WreckersBroadside
2%
OmnibotsCamshaft
2%
AutobotsCloudraker
2%
AutobotsCogman
2%
AutobotsDelta Magnus
2%
AutobotsDion
2%
MonsterbotsDoublecross
2%
OmnibotsDownshift
2%
Cassette AutobotsEject
2%
AutobotsFastlane
2%
Targetmasters partenairesFirebolt
2%
ThrottlebotsFreeway
2%
FembotsGreenlight
2%
ProtectobotsGroove
2%
MonsterbotsGrotusque
2%
AutobotsHauler
2%
AutobotsJetstorm
2%
Rust RenegadesJumpstream
2%
FembotsLancer
2%
TechnobotsLightspeed
2%
AutobotsLongarm
2%
PrimeMicronus Prime
2%
JunkionsNancy
2%
FembotsNautica
2%
HeadmastersNightbeat
2%
TechnobotsNosecone
2%
PrimeOnyx Prime
2%
AutobotsOutback
2%
OmnibotsOverdrive
2%
TargetmastersPointblank
2%
PrimePrima
2%
Rust RenegadesPyra Magna
2%
WreckersRack'n'Ruin
2%
MonsterbotsRepugnus
2%
ThrottlebotsRollbar
2%
ProtectobotsRook
2%
AutobotsScamper
2%
ThrottlebotsSearchlight
2%
AutobotsSiren
2%
DinobotsSkar
2%
AutobotsSky-Lynx
2%
AutobotsSlammer
2%
AerialbotsSlingshot
2%
AutobotsStar Saber
2%
ProtectobotsStreetwise
2%
TargetmastersSureshot
2%
AutobotsSwerve
2%
OrdinateurTeletraan I
2%
OrdinateurTeletraan II
2%
WreckersTwin Twist
2%
CombinerVictorion
2%
ThrottlebotsWideload
2%
PrimeAlchemist Prime
1%
Headmasters partenairesArcana
1%
AutobotsAutobot X
1%
AerialbotsBarrel Roll
1%
AutobotsBumper
1%
AutobotsCerebros
1%
AutobotsDai Atlas
1%
Sentinel OmegaDelta Supreme
1%
AutobotsDevcon
1%
Cassette AutobotsDile
1%
Rust RenegadesDust Up
1%
Sentinel OmegaEpsilon Supreme
1%
FembotsFlareup
1%
Sentinel OmegaGamma Supreme
1%
AutobotsGetaway
1%
Headmasters partenairesGort
1%
Cassette AutobotsGranslam
1%
Cassette AutobotsGraphy
1%
DinobotsGrimmaster
1%
PrimeGuardian Prime
1%
Targetmasters partenairesHaywire
1%
AutobotsHosehead
1%
AutobotsHubcap
1%
MaximalsIronhide Beast Wars
1%
JunkionsJunkyard
1%
LithoneKranix
1%
AutobotsMaccadam
1%
FembotsMinerva
1%
PrimeNexus Prime
1%
Cassette AutobotsNightstalker
1%
Cassette AutobotsNight Watch
1%
Cassette AutobotsNoise
1%
Targetmasters partenairesPeacemaker
1%
Targetmasters partenairesPinpointer
1%
PrimePrimon
1%
MaximalsProwl Beast Wars
1%
AutobotsQuickswitch
1%
PrimeQuintus Prime
1%
CombinerRaiden
1%
Cassette AutobotsRaindance
1%
Targetmasters partenairesRecoil
1%
AutobotsRed Hot
1%
AutobotsRoller
1%
Cassette AutobotsRosana
1%
Rust RenegadesRust Dust
1%
TechnobotsScrounge
1%
TrainbotsShouki
1%
MaximalsSilverbolt Beast Wars
1%
AutobotsSix-Gun
1%
Rust RenegadesSkyburst
1%
Targetmasters partenairesSpoilsport
1%
AutobotsSqweeks
1%
AutobotsStampy
1%
Rust RenegadesStormclash
1%
Cassette AutobotsStripes
1%
AutobotsTap-Out
1%
Disque durTeletraan-X
1%
MaximalsTransmutate
1%
JunkionsTrashbin
1%
AutobotsTwincast
1%
CombinerVolcanicus
1%
AutobotsYoketron
1%
TrainbotsYukikaze
1%
Cassette AutobotsZaur
1%
Sentinel OmegaZeta Supreme
1%
PrimeAlmagamous Prime
0%
LithoneArblus
0%
AutobotsArmorhide
0%
JunkionsAshtray
0%
AutobotsBackstreet
0%
AutobotsBig Bang
0%
Battle PatrolBig Shot
0%
AutobotsBlazemaster
0%
FembotsBotanica
0%
AutobotsBulldog
0%
AutobotsCanopy
0%
AutobotsCarrera
0%
AutobotsCustodiobot
0%
TechnobotsCybaxx
0%
AutobotsDaytrader
0%
Targetmasters partenairesDazzlestrike
0%
MaximalsDepth Charge
0%
JunkionsDetritus
0%
AutobotsDogfight
0%
AutobotsDominus Ambus
0%
AutobotsDug Base
0%
Headmasters partenairesDuros
0%
AutobotsErector
0%
Sentinel OmegaEta Supreme
0%
SparkabotsFizzle
0%
Battle PatrolFlak
0%
FembotsFlashpoint
0%
AutobotsFurão
0%
Sentinel OmegaGadep
0%
TrainbotsGetsuei
0%
Targetmasters partenairesGlitch
0%
FembotsGlyph
0%
AutobotsGrandus
0%
JunkionsGreasestain
0%
MécanoïdeGuildenstern
0%
SparkabotsGuzzle
0%
AutobotsHalonix Maximus
0%
AutobotsHammerbyte
0%
JunkionsHazmat
0%
ProtectobotsHeatrock
0%
JunkionsHood Transformer
0%
TitanIaconus
0%
Sentinel OmegaIota Supreme
0%
AutobotsIronfist
0%
AutobotsJoyride
0%
TrainbotsKaen
0%
Sentinel OmegaKappa Supreme
0%
AutobotsLandfill
0%
AutobotsLandquake
0%
FembotsLickety-Split
0%
PrimeLiege Prime
0%
FembotsLightbright
0%
PrimeLloyd Prime
0%
MaximalsLongrack
0%
ProtectobotsMedix
0%
AutobotsMeteorfire
0%
AutobotsMidnight Express
0%
AutobotsMinimus Ambus
0%
Headmasters partenairesMuzzle
0%
Cassette AutobotsNook
0%
Sentinel OmegaOmega Spreem
0%
DuobotsOre
0%
Autobots | FembotsOverride
0%
DinobotsPaddles
0%
Cassette AutobotsPlayback
0%
JunkionsPole Vault Transformer
0%
Rust RenegadesPraesidia Magna
0%
AutobotsPrimal Major
0%
AutobotsQuickmix
0%
AutobotsRailspike
0%
AutobotsRapid Run
0%
AutobotsRattletrap
0%
JunkionsRe-Cycle
0%
AutobotsRicochet
0%
AutobotsRoadburner
0%
FembotsRoad Rage
0%
AutobotsRollout
0%
MécanoïdeRosencrantz
0%
JunkionsRubbish
0%
JunkionsRum-Maj
0%
AutobotsRung
0%
AutobotsSalvage
0%
AutobotsSantius Magnus
0%
AutobotsScoop
0%
JunkionsScraphead
0%
AutobotsSedan
0%
TrainbotsSeizan
0%
AutobotsSheeldron
0%
Battle PatrolSidetrack
0%
Sentinel OmegaSigma Supreme
0%
SparkabotsSizzle
0%
AutobotsSkyfall
0%
ProtectobotsSkyfeather
0%
AutobotsSky Garry
0%
AutobotsSlapdash
0%
Rust RenegadesSlide
0%
AutobotsSmashdown
0%
AutobotsSoundbarrier
0%
Headmasters partenairesStylor
0%
TrainbotsSuiken
0%
Battle PatrolSunrunner
0%
Sentinel OmegaTheta Supreme
0%
AutobotsThunderhowl
0%
MaximalsTigerhawk
0%
AutobotsTop-Heavy
0%
AutobotsTrench
0%
AutobotsTrenchfoot
0%
AutobotsVolks
0%
AutobotsWasp
0%
JunkionsWasteoid Gamma
0%
AutobotsWedge
0%

Distribution des résultats

Percentile par nombre de réponses

% des personnes avec chaque résultat

Votre développement - résultats

Vous n’avez pas pris ce quiz depuis la dernière actualisation